| 000 | 00415nam a22001697a 4500 | ||
|---|---|---|---|
| 999 |
_c7827 _d7825 |
||
| 005 | 20210904141820.0 | ||
| 008 | 210823b ||||| |||| 00| 0 eng d | ||
| 020 | _a9781847663054 | ||
| 041 | _aeng | ||
| 082 | _a346.404 | ||
| 100 |
_aTHORNE, CLIVE AND BENNETT _96555 |
||
| 245 | _aA USERS GUIDE TO DESIGN LAW | ||
| 260 |
_aW.S _bBLOOMSBURY PVT.LTD. _c2010 |
||
| 300 | _a387;p | ||
| 650 |
_aLAW _95701 |
||
| 942 | _cBK | ||